000
00295nam a22001337a 4500
008
181031b xxu||||| |||| 00| 0 eng d
020
_a
9781619492431
041
_a
eng
080
_a
101
100
_a
25
101
_a
FIL
245
_a
Consolation Of Philosophy
_c
Ancius.b
942
_2
udc
_c
BK
999
_c
51255
_d
51255